All Hunchback of Notre-dame characters by screen time - Statistics

General Stats
  • This quiz has been taken 21 times
  • The average score is 7 of 12
Answer Stats
% Of Movie Screen Time Answer % Correct
46.87 42:32 Quasimodo
100%
25.12 22:48 Esmeralda
94%
23.84 21:38 Claude Frollo
89%
17.13 15:33 Phoebus
83%
10.01 9:05 Hugo
61%
7.86 7:08 Victor
61%
9.27 8:25 Clopin
56%
7.47 6:47 Laverne
50%
2.75 2:30 Archdeacon
44%
6.12 5:33 Djali
44%
2.83 2:34 Achilles
17%
1.71 1:33 Quasimodo's Mother
0%
No matching quizzes found
Score Distribution
Percent of People with Each Score
Percentile by Number Answered
Your Score History
You have not taken this quiz